| 000 | 00737nam a22002537a 4500 | ||
|---|---|---|---|
| 999 |
_c1505 _d1505 |
||
| 001 | 9337 | ||
| 003 | BD-DhUAP | ||
| 005 | 20210121163522.0 | ||
| 008 | 200209r20052003ii 001 0 eng d | ||
| 040 |
_aHVL _cHVL _bEng _dBD-DhUAP |
||
| 082 | 0 | 0 |
_223 _a345.5405 MIT |
| 100 | _aMitra, B. B. | ||
| 245 | 1 | 4 |
_aCode of criminal procedure,1973 : _b(Act 2 of 1974) / _cB. B. Mitra ; Edited by S. R. Roy. |
| 250 | _a20th ed. | ||
| 260 |
_aKolkata : _bKamal law house, _cc2003 [Reprinted 2005]. |
||
| 300 |
_aVolumes ; _c24 cm. |
||
| 504 | _aIncludes index. | ||
| 505 | _aV. 1-- | ||
| 650 | 0 |
_aCriminal Procedure _zIndia. |
|
| 700 | _aRoy, S. R. | ||
| 942 | 0 | 0 |
_2ddc _cBK |